A politikai oktatás alapfokú tanfolyamainak tanulmányi szövegei hatodik tárgykör

Bibliographic Details
Format: Book
Language:Hungarian
PhysicalDescription:53 strán 21 cm
Published: Bratislava Csehszlovákia kommunista pártja központi bizottságának propaganda - és agitációs osztálya 1955
Series:1954-55-ös pártoktatási év
Subjects:

MARC

LEADER 00000cam a2200000 4500
001 vtls011862157
003 SK-MaSNL
005 20260301051114.0
008 250312s1955 xo ern 000 0 hun
015 |a SNBA1955 
020 |q (brožované) 
035 |a urn:nbn:sk:snk-am00dce5 
035 |a urn:nbn:sk:snk-am3hxev 
035 |a 7AB7D24B-AC31-4264-87CB-C05829B52BB4 
040 |a SNK  |b slo  |c SNK  |e rda 
041 0 |a hun 
044 |a xo  |c SK 
072 7 |a 37  |x Výchova a vzdelávanie  |2 konspekt 
080 |a 37:32  |2 2011 
080 |a 330.5+338  |2 2011 
080 |a (073)  |2 2011 
245 0 2 |a A politikai oktatás alapfokú tanfolyamainak tanulmányi szövegei  |n hatodik tárgykör 
264 1 |a Bratislava  |b Csehszlovákia kommunista pártja központi bizottságának propaganda - és agitációs osztálya  |c 1955 
264 3 |a Bratislava  |b Pravda 
300 |a 53 strán  |c 21 cm 
336 |a text  |b txt  |2 rdacontent 
337 |a bez média  |b n  |2 rdamedia 
338 |a zväzok  |b nc  |2 rdacarrier 
366 |e 14000 kusov 
490 1 |a 1954-55- ös pártoktatási év 
504 |a Obsahuje bibliografické odkazy 
650 0 7 |a politické vzdelávanie  |2 SNKPH  |9 69709 
650 0 7 |a Political education  |2 SNKPHeng  |9 347924 
650 0 7 |a národné hospodárstvo  |2 SNKPH  |9 846 
650 0 7 |a National economy  |2 SNKPHeng  |9 267613 
655 7 |a učebné osnovy  |2 SNKPH  |9 60479 
655 7 |a Subject programmes  |2 SNKPHeng  |9 299677 
830 0 |a 1954-55-ös pártoktatási év  |9 357844 
852 |a Slovenská národná knižnica 
954 |a odborná, vedecká literatúra pôvodná (slovenská)  |2 lita 
958 |a NB 
958 |a OND 
999 |c 602513  |d 604443 
952 |a SNK  |b SNK  |y PREZ  |7 0  |p 17A0779646  |o snkSC 5881  |i snk657/55  |0 0  |1 0  |4 0  |d 2019-04-17  |f 1  |l 0  |r 2025-07-04 00:00:00  |w 2026-02-23